INTERVISTA A PILATO (Record n. 107944)

Dettagli MARC
000 -LEADER
fixed length control field 01005agaaa2200265 4500
001 - CONTROL NUMBER
control field 0541
003 - CONTROL NUMBER IDENTIFIER
control field IT-RoPAU
005 - DATE AND TIME OF LATEST TRANSACTION
control field 20220918181304.0
007 - PHYSICAL DESCRIPTION FIXED FIELD--GENERAL INFORMATION
fixed length control field d cvaizq
008 - FIXED-LENGTH DATA ELEMENTS--GENERAL INFORMATION
fixed length control field 50131s9999||||xx ||| | || ||und||
040 ## - CATALOGING SOURCE
Original cataloging agency IT-RoPAU
Transcribing agency IT-RoPAU
041 ## - LANGUAGE CODE
Language code of text/sound track or separate title ITALIANO
100 ## - MAIN ENTRY--PERSONAL NAME
Personal name AA.VV.
Miscellaneous information Codice regista SPICS: 12000
9 (RLIN) 54072
130 ## - MAIN ENTRY--UNIFORM TITLE
Uniform title INTERVISTA A PILATO
9 (RLIN) 54073
245 ## - TITLE STATEMENT
Title INTERVISTA A PILATO
Statement of responsibility, etc. Diretto da: AA.VV.
Name of part/section of a work INTERVISTA A PILATO (Rif. Codice opera principale : V0541)
250 ## - EDITION STATEMENT
Edition statement Edizione Standard
260 ## - PUBLICATION, DISTRIBUTION, ETC. (IMPRINT)
Place of publication, distribution, etc. (USA)
Name of publisher, distributor, etc. PAULIST PRODUCTIONS / Distribuzione: SPF FIRENZE
Date of manufacture "1978 (1° ed.: 1993 ; Ed. Lingua Orig.: 1978)"
300 ## - PHYSICAL DESCRIPTION
Extent 16MM
Other physical details sonoro, col.
Dimensions 30 minuti
520 ## - SUMMARY, ETC.
Summary, etc. UN GIORNALISTA TELEVISIVO INTERVISTA L'UOMO CHE SENTENZIO' LA CROCIFISSIONE DI GESU'.
538 ## - SYSTEM DETAILS NOTE
System details note MONO
546 ## - LANGUAGE NOTE
Language note ITALIANO
650 ## - SUBJECT ADDED ENTRY--TOPICAL TERM
Topical term or geographic name as entry element CATECHISTICO
Relator term PELLICOLE [16MM]
General subdivision Codice MATERIA SPICS: 9956
9 (RLIN) 46266
700 ## - ADDED ENTRY--PERSONAL NAME
Personal name AA.VV.
Relator term (regista/i)
Miscellaneous information Codice regista SPICS: 12000
9 (RLIN) 54072
942 ## - ADDED ENTRY ELEMENTS (KOHA)
Koha item type 16 MM
Source of classification or shelving scheme Dewey Decimal Classification
Dati di copia
Withdrawn status Lost status Damaged status Not for loan Home library Current library Date acquired Total Checkouts Full call number Date last seen Price effective from Koha item type Public note
    Buone Condizioni Not For Loan SPICS-MEDIATECA SPICS-MEDIATECA 31/01/2015   V0541 31/01/2015 31/01/2015 16 MM Progr. Ins.: 873 / N.Vol.:1 / Copie: 1 / Pag.:0 / Copia rara: n.d. / date import: 1.2.2015 / By Epidotti, Trombetti, Vaglietti - CUSTODITA PRESSO FILMOTECA VATICANA
CREDITS: SOCIETA' SAN PAOLO Via A.Severo, 58 - ROMA (RM) & PERIODICI SAN PAOLO SRL Via Giotto, 36 MILANO & CISF Via Giotto, 36 MILANO & EDIZIONI SAN PAOLO SRL,  Piazza Soncino, 5 CINISELLO BALSAMO (MI) -- ITALY